000 00619nam a2200181Ia 4500
008 151018s9999 xx 000 0 und d
082 _bRBASDV879
_a891.464
100 _aबा ना भाजेकर
245 _aइ.सी.सर्विस परीक्षा
250 _b1
260 _bआर्यभूषण प्रेस
_c1894
300 _a12
600 _aबा ना भाजेकर
630 _aइ.सी.सर्विस परीक्षा
700 _aबा ना भाजेकर
730 _aइ.सी.सर्विस परीक्षा
942 _cBOOK
999 _c1003347
_d1003344